Ładuje się......

Bodyguard

Opis bibliograficzny
1. autor: Mitchell, Adrian
Format: Printed Book
Język:English
Wydane: London Jonathan Cape 1970
LEADER 00559nam a2200241 a 4500
001 adlib96000001
003 ViArRB
005 20151026131756.0
008 960221s1955 dcuabcdjdbkoqu001 0deng d
020
022
040 |a Adlib 
082 |a 535-5 
245 |a Bodyguard 
250
260 |a London  |b Jonathan Cape  |c 1970 
300 |a 188 
500 |a   
100 |a Mitchell, Adrian 
700
942 |c BK  |6 _ 
999 |c 34787  |d 34787 
952 |0 0  |1 0  |4 0  |6 F_MITB  |7 0  |9 46470  |a UL  |b UL  |d 2010-06-16  |o F MIT/B  |p 00007484  |r 2010-06-16  |w 2010-06-16  |y BK